| 000 | 01030cam a2200289 a 4500 | ||
|---|---|---|---|
| 999 |
_c7505 _d7505 |
||
| 003 | OSt | ||
| 005 | 20200312060516.0 | ||
| 008 | 060726s2007 nyua 001 0 eng | ||
| 020 | _a9781568986203 (pbk. : alk. paper) | ||
| 040 |
_aDLC _cDLC _dYDX _dBAKER _dYDXCP _dIXA _dBTCTA _dCOD _dDLC |
||
| 082 | 0 | 0 |
_a712 _222 _bMCH |
| 100 | 1 |
_aMcHarg, Ian L., _d1920-2001. |
|
| 245 | 1 | 0 |
_aIan McHarg : _bconversations with students : dwelling in nature / _cLynn Margulis, James Corner, and Brian Hawthorne, editors. |
| 250 | _a1st ed. | ||
| 260 |
_aNew York : _bPrinceton Architectural Press, _cc2007. |
||
| 300 |
_a112 p. : _bill. ; _c21 cm. |
||
| 440 | 0 | _aConversations with students | |
| 500 | _aIncludes index. | ||
| 650 | 0 |
_aLand use _xPlanning _xEnvironmental aspects. |
|
| 650 | 0 | _aHuman ecology. | |
| 650 | 0 | _aEcological landscape design. | |
| 650 | 0 |
_aLandscape architecture _xEnvironmental aspects. |
|
| 700 | 1 |
_aMargulis, Lynn, _d1938-2011. |
|
| 700 | 1 |
_aCorner, James, _d1961- |
|
| 700 | 1 |
_aHawthorne, Brian, _d1963- |
|
| 942 | _2ddc | ||